[Event "Charlotte Holiday IM 2020"]
[Site "Charlotte"]
[Date "2020.12.28"]
[Round "4.5"]
[White "Liang, Jason"]
[Black "Tsay, Vincent"]
[Result "1/2-1/2"]
[WhiteElo "2317"]
[BlackElo "2266"]
[Annotator "TA"]
[PlyCount "149"]
[EventDate "2020.12.26"]
[EventType "tourn"]
[EventCountry "USA"]
[SourceTitle "playchess.com"]
[Source "ChessBase"]
[SourceQuality "1"]

{[%evp 17,149,25,27,24,22,20,28,24,17,12,30,17,29,27,32,0,0,0,0,-30,-4,-8,-18,-13,0,-19,-19,-27,-6,-11,0,-3,-5,-87,-63,-92,-36,-95,-23,-23,-22,-23,-29,-31,-27,-45,-31,-31,-29,-29,-24,-29,14,0,0,0,14,0,0,0,0,0,0,0,0,0,0,0,0,0,0,0,0,0,0,0,0,0,0,0,0,0,0,0,0,0,0,0,0,0,0,0,0,0,0,0,0,0,0,0,0,0,0,0,0,0,0,0,0,0,0,0,0,0,0,0,0,0,0,0,0,0,0,0,0,0,0,0,0,0,0,0,0,0]} 1. e4 e6 2. d4 d5 3. Nc3 Bb4 4. e5 c5 5. a3 Ba5 6. b4 cxd4 7. Nb5 Bc7 8. f4 Bd7 {The main line 8...Bd7 scores better than 8...Ne7.} 9. Nxc7+ Qxc7 10. Nf3 {C18: French: 3 Nc3 Bb4: Main line: 7 h4 and 7 Qg4.} Ba4 11. Bd3 Ne7 12. O-O {White has an edge.} Qb6 13. Rf2 Bb5 (13... Nd7 {looks sharper.} 14. Qd2 g6 15. Rf1 Nc6 16. Qf2 Bb5) 14. a4 Bxd3 15. cxd3 Nf5 {[#]} ({Much worse is} 15... Qxb4 $6 16. Ba3 $16) 16. Qd2 $146 {[%mdl 1024] White has compensation.} ({Predecessor:} 16. h3 O-O 17. Bb2 Ne7 18. Rc2 Nd7 19. a5 Qb5 20. Rc7 Rfc8 21. Nxd4 Qxb4 22. Bc3 Qxd4+ 23. Bxd4 Rxc7 {1-0 (72) Milde,L (2079)-Droessler,U (2310) ICCF email 2018}) 16... h5 17. Ba3 O-O 18. Qc1 Nc6 {[%cal Bb8c6,Bc6e7,Be7g6][%mdl 32]} 19. b5 Nce7 20. Bc5 Qa5 21. Qa3 (21. Bxe7 $5 Nxe7 22. Nxd4 $11) 21... Rfe8 22. Bb4 Qb6 23. Rc1 Ng6 24. Bc5 Qa5 25. Bb4 (25. Nxd4 $11 Nxd4 26. Bxd4) 25... Qd8 $17 26. Bd2 Rc8 (26... Ngh4 $17 27. Ne1 Ng6) 27. Rff1 {[#]} (27. Rxc8 $15 Qxc8 28. Rf1) 27... Re7 ({Black should play} 27... Ngh4 $1 $17 28. Rxc8 Nxf3+ 29. Rxf3 Qxc8) 28. Ba5 b6 29. Bd2 Rec7 30. Rxc7 Rxc7 31. Rc1 Qc8 32. Rxc7 Qxc7 33. Qc1 Qxc1+ 34. Bxc1 $11 {[%mdl 4096] Endgame KBN-KNN} Kf8 35. Kf2 {The position is equal.} f6 36. g3 Ke7 37. h3 fxe5 38. fxe5 Kd7 39. Bg5 Nh6 (39... Kc8 {is interesting.} 40. Bd2 Kd7 41. Bg5) 40. Bxh6 gxh6 {KN-KN} 41. Ke2 Ke7 42. Kd2 Kd7 43. Kc2 Ke7 44. Kb3 Kd7 45. Kb2 Ke7 46. Kc1 Kd7 47. Kd1 Ke7 48. Ke1 Kd7 49. Ke2 Ke7 50. h4 Kd7 51. Kf2 Ke7 52. Kg2 Kd7 53. Kh3 Ke7 54. Kh2 Kf7 55. Kg1 Ke7 56. Kf1 Kd7 57. Ke1 Ke7 58. Kd1 Kd7 59. Kc1 Ke7 60. Kb2 Kd7 61. Kb3 Ke7 62. Kb4 Kd7 63. a5 Ke7 64. a6 Kd7 65. Kb3 Ke7 66. Kc2 Kd7 67. Kd2 Ke7 68. Ke2 Kd7 69. Kf2 Ke7 70. Kg2 Kd7 71. Kh3 Ke7 72. Kh2 Kd7 73. Kg2 Ke7 74. Kh3 Kf7 75. Kg2 {Weighted Error Value: White=0.11/Black=0.12} 1/2-1/2

[Event "Charlotte Holiday IM 2020"]
[Site "Charlotte"]
[Date "2020.12.29"]
[Round "5.2"]
[White "Li, Eric"]
[Black "Liang, Jason"]
[Result "1-0"]
[WhiteElo "2311"]
[BlackElo "2317"]
[Annotator "TA"]
[PlyCount "157"]
[EventDate "2020.12.26"]
[EventType "tourn"]
[EventCountry "USA"]
[SourceTitle "playchess.com"]
[Source "ChessBase"]
[SourceQuality "1"]

{[%evp 17,157,13,9,0,27,28,38,4,4,20,11,18,65,69,107,118,115,69,58,58,92,104,79,85,251,253,264,246,320,334,382,375,392,331,433,350,350,350,350,350,601,595,576,556,652,460,623,336,515,506,568,277,397,397,397,370,396,373,390,256,275,274,273,275,401,0,380,359,393,440,440,432,438,438,437,433,415,395,517,522,494,364,504,412,634,363,333,0,607,606,506,479,733,726,666,661,634,628,3931,2531,29959,10026,29974,29975,29978,29979,29978,29979,29976,29970,29970,29971,6740,6087,29974,29975,29979,29980,29981,29982,29982,29982,29982,29980,29980,29981,29981,29982,29982,29983,29983,29984,29989,29989,29993,29994,29994,29986,29993,29994,29998,4610]} 1. d4 d5 2. c4 e6 3. Nc3 Nf6 4. cxd5 exd5 5. Bg5 c6 6. e3 Bd6 7. Bd3 O-O 8. Nf3 Re8 9. O-O Nbd7 10. h3 {D35: Queen's Gambit Declined: Exchange Variation.} Nf8 {[#]} 11. Qa4 $146 ({Predecessor:} 11. Qc2 Ng6 12. Rfe1 h6 13. Bxf6 Qxf6 14. e4 dxe4 15. Nxe4 Qd8 16. Nxd6 Rxe1+ 17. Rxe1 Qxd6 {1-0 (42) Manzone,A (2404)-Levine,J (2073) Chess.com INT 2020}) 11... Bd7 12. Rae1 {White is slightly better.} Qc8 13. Bxf6 gxf6 14. Ne2 Ng6 15. Ng3 f5 16. Qc2 Re4 17. Bxe4 fxe4 18. Ne5 Bxh3 {White leaves nothing to chance now.} 19. f4 (19. gxh3 $6 Bxe5 20. dxe5 Qxh3 $11) 19... Bg4 20. Qb3 ({Don't play} 20. Nxg4 Qxg4 21. Qf2 Kh8 $15) 20... Bxe5 $2 (20... a5 $16) 21. fxe5 $18 ({Less strong is} 21. dxe5 h5 $14) 21... Qd7 22. Rf6 Rf8 23. Ref1 Qc7 24. Qc2 Qe7 25. a3 a5 26. Qc3 Qc7 27. b4 axb4 28. axb4 ({Don't take} 28. Qxb4 Ne7 $18) 28... Qb6 $2 (28... Re8 29. b5 Re6 30. Rxf7 Qxf7) 29. Qd2 Qc7 30. Qf2 Qe7 31. Kh2 Qc7 32. Nh1 Qe7 (32... Be6 {keeps fighting.} 33. Ng3 b6) 33. Qg3 Be6 34. Qe1 (34. Qg5 $142 Re8 35. Ng3) 34... Ra8 (34... Kh8 $142 35. Ng3 Rg8) 35. Ng3 Qf8 36. Kg1 {[#] And now Rxe6! would win.} Qh6 37. Qf2 Rf8 38. Ne2 Qg7 39. Ra1 Rb8 40. Ng3 {[%cal Be2g3,Bg3f5,Bf5d6][%mdl 32]} Qh6 (40... Ne7 {was worth a try.} 41. Qf4 Ng6) 41. Rf1 $2 (41. Nf5 $18 Qg5 42. Ra2) 41... Qg5 {[%mdl 8192]} (41... Rf8 $1 $11) 42. Nf5 Ra8 43. Nd6 {[%mdl 64] [#] Double Attack} Nh4 44. Nxf7 Bxf7 45. Rxf7 {Black must now prevent Rf8+.} Nf3+ 46. Rxf3 exf3 47. Qxf3 {[%mdl 4096] Endgame KQR-KQR} Qg7 48. Qh3 Kh8 49. Rf3 Qg6 50. Kh2 Re8 (50... Rb8 $142 51. Rf6 Qg8) 51. Rg3 Qf7 52. Rf3 $2 (52. Qh4) 52... Qg6 $1 53. Rf6 Qg7 54. Qf3 Ra8 (54... Rb8 $142 55. Rf7 Qg6) 55. Rf7 Qh6+ 56. Qh3 Qxh3+ 57. Kxh3 {KR-KR} Ra3 58. Rxb7 Rxe3+ 59. Kg4 Re4+ 60. Kf5 Rxd4 61. e6 Re4 62. Kf6 {[%cal Rb7b8]} Rf4+ 63. Ke5 Re4+ 64. Kd6 d4 65. Rd7 d3 66. Ke7 {White mates.} Rxb4 67. Rxd3 c5 68. Kf6 {[%cal Rd3d8]} Rf4+ 69. Ke5 Rf2 70. Rd8+ Kg7 71. e7 Rxg2 72. e8=Q Re2+ 73. Kf5 {[%csl Gd8][%cal Re8f8]} Rxe8 74. Rxe8 {KR-KPP} Kh6 75. Rc8 Kh5 76. Rxc5 Kh4 77. Rc4+ Kh5 78. Rc6 h6 79. Ra6 {Weighted Error Value: White=0.52/Black=0.84} (79. Kf4 $142 Kh4 80. Rxh6#) 1-0

[Event "Charlotte Holiday IM 2020"]
[Site "Charlotte"]
[Date "2020.12.29"]
[Round "5.3"]
[White "Tsay, Vincent"]
[Black "Vivekananthan, Anish"]
[Result "1-0"]
[WhiteElo "2266"]
[BlackElo "2305"]
[Annotator "TA"]
[PlyCount "75"]
[EventDate "2020.12.26"]
[EventType "tourn"]
[EventCountry "USA"]
[SourceTitle "playchess.com"]
[Source "ChessBase"]
[SourceQuality "1"]

{[%evp 15,75,22,8,0,20,-4,38,33,66,71,125,118,123,116,118,118,124,122,182,140,175,160,160,158,170,175,158,166,192,182,189,192,216,193,270,231,262,255,377,367,357,222,224,222,397,243,338,228,312,258,294,295,283,227,297,287,314,310,291,289,713,703]} 1. d4 Nf6 2. Nf3 d5 3. c4 e6 4. g3 Be7 5. Bg2 O-O 6. O-O dxc4 7. Qc2 a6 8. a4 Bd7 9. Bg5 {E05: Open Catalan: 5 Nf3 Be7.} Bc6 10. Rd1 Be4 11. Qxc4 {White is slightly better.} b5 12. Qc1 b4 (12... Nbd7 $142) 13. Nbd2 $16 {[#] Bxf6 is the strong threat.} Bb7 $146 ({Predecessor:} 13... Bd5 14. Bxf6 gxf6 15. e4 Bb7 16. d5 e5 17. Bh3 Bc8 18. Bxc8 Qxc8 19. Nh4 Kh8 {1-0 (26) Erdos,V (2618)-Nemeth,Z (2210) Ajka 2020}) 14. Bxf6 Bxf6 15. Qc2 Ra7 16. Rac1 Nc6 (16... Bxf3 $16 17. Nxf3 Qd6) 17. e3 Qb8 18. Ne1 Ne7 19. Qxc7 Qa8 {White must now prevent ...Bxg2.} 20. Bxb7 Rxb7 21. Qc2 Ng6 22. Nb3 a5 23. Qe4 Rfb8 24. Nd3 Qa7 (24... Be7 {is a better defense.} 25. h4 Bd6) 25. Rc5 $18 Bd8 26. Rdc1 Ne7 (26... Rc7 {was necessary.} 27. Kg2 Rd7) 27. Ne5 Bb6 28. Nc6 Nxc6 29. Rxc6 {Hoping for Rc8+.} ({Weaker is} 29. Qxc6 Bxc5 30. Rxc5 Qa8 $11) 29... Bd8 $2 (29... Rd7 30. Nc5 Rc7 31. Rxc7 Qxc7) 30. Qe5 h6 31. h4 Ra8 32. Qf4 Rd7 33. Qe4 Rb8 34. R1c4 Rd5 35. Nc5 Qe7 36. Nd3 Qb7 37. Qf4 {Threatens to win with Rc7!} Ra8 $2 {[#]} (37... Rd7 38. R6c5 Qa7) 38. Rc7 $1 {[%mdl 512] Black did not feel at home in the position after the opening.  Weighted Error Value: White=0.22/Black=0.38} 1-0

[Event "Charlotte Holiday IM 2020"]
[Site "Charlotte"]
[Date "2020.12.29"]
[Round "5.4"]
[White "Velikanov, Alexander"]
[Black "Chasin, Nico"]
[Result "0-1"]
[WhiteElo "2308"]
[BlackElo "2303"]
[Annotator "TA"]
[PlyCount "72"]
[EventDate "2020.12.26"]
[EventType "tourn"]
[EventCountry "USA"]
[SourceTitle "playchess.com"]
[Source "ChessBase"]
[SourceQuality "1"]

{[%evp 9,72,37,27,37,32,30,39,0,0,4,0,-83,-73,-256,-251,-259,-251,-260,-260,-246,-245,-280,-237,-226,-247,-245,-227,-282,-287,-431,-426,-434,-400,-433,-455,-466,-461,-477,-373,-741,-739,-738,-734,-743,-718,-885,-846,-836,-750,-1333,-1132,-1279,-1215,-29968,-29968,-29971,-29966,-29986,-29983,-29981,-29982,-29990,-29991,-29994,-29995]} 1. e4 c5 2. Nf3 e6 3. Nc3 Nc6 4. Bb5 Qc7 5. O-O Nge7 6. d4 {B30: Sicilian: 2...Nc6 3 Bb5, lines without ...g6.} cxd4 7. Nxd4 a6 8. Bxc6 {White is slightly better.} bxc6 {[%cal Bb7c6,Bc6c5][%mdl 32] [#]} 9. f4 $146 ({Predecessor:} 9. Be3 d5 10. Nb3 Ng6 11. f4 Rb8 12. f5 exf5 13. exd5 Bd6 14. Qh5 O-O 15. Rad1 Re8 16. Rfe1 Re5 17. Qf3 {½-½ (17) Karabalis,H (2177)-Holmberg,P (1535) IECG email 2002}) 9... d5 10. e5 (10. Re1 $11) 10... c5 $17 11. Ndb5 axb5 $19 12. Nxb5 {[#]} Qc6 {[%cal Rc6b5]} 13. Nd6+ Kd7 14. Nxf7 Rg8 15. c4 g6 16. cxd5 Nxd5 17. Bd2 Bb7 18. Qg4 Be7 19. Nh6 (19. Nd6 $142) 19... Rgf8 20. a3 Qa4 21. Kh1 g5 22. fxg5 Qb5 23. Nf7 {If White can now play g6 this consolidates a bit.} Ba6 24. Bc3 (24. g6 hxg6 25. Rae1) 24... Qxf1+ 25. Rxf1 Bxf1 26. Qf3 Bb5 27. h4 Ra4 28. Qh5 Bd3 29. g3 Ne3 30. Kg1 Ng4 31. b4 Rxa3 {Black mates.} 32. Bb2 Rb3 33. Bc1 {[#]} Rb1 $1 34. Qxg4 Rxc1+ 35. Kg2 Rxf7 36. bxc5 Rc2+ {White did not feel at home in the position after the opening.  Weighted Error Value: White=0.79/Black=0.20} 0-1

[Event "Charlotte Holiday IM 2020"]
[Site "Charlotte"]
[Date "2020.12.29"]
[Round "5.5"]
[White "Martin Del Campo C., Roberto"]
[Black "Vijay, Keerthi K."]
[Result "1/2-1/2"]
[WhiteElo "2313"]
[BlackElo "2242"]
[Annotator "TA"]
[PlyCount "29"]
[EventDate "2020.12.26"]
[EventType "tourn"]
[EventCountry "USA"]
[SourceTitle "playchess.com"]
[Source "ChessBase"]
[SourceQuality "1"]

{[%evp 12,16,43,48,58,44,72]} 1. e4 c5 2. Nf3 a6 3. c3 d5 4. exd5 Qxd5 5. d4 e6 6. Bd3 Nf6 7. O-O Nc6 {B28: Sicilian: 2 Nf3 a6 (O'Kelly Variation).} 8. Re1 Be7 {[#] Not enough moves} {Predecessor:} 9. dxc5 $146 Bxc5 10. h3 h6 11. Qe2 O-O 12. Nbd2 Rd8 13. Bc2 Be7 14. Nf1 Qb5 15. c4 {½-½ (56) Piorun,K (2611)-Novikov,S (2531) Moscow 2019} 1/2-1/2

[Event "Charlotte Holiday IM 2020"]
[Site "Charlotte"]
[Date "2020.12.29"]
[Round "6.2"]
[White "Chasin, Nico"]
[Black "Martin Del Campo C., Roberto"]
[Result "0-1"]
[WhiteElo "2303"]
[BlackElo "2313"]
[Annotator "TA"]
[PlyCount "112"]
[EventDate "2020.12.26"]
[EventType "tourn"]
[EventCountry "USA"]
[SourceTitle "playchess.com"]
[Source "ChessBase"]
[SourceQuality "1"]

{[%evp 16,112,52,70,61,0,8,7,8,6,47,48,63,54,54,46,48,45,80,32,70,40,42,21,0,-164,-179,-201,-167,-172,0,-8,0,0,0,-156,-146,-144,-107,-202,-197,-237,-235,-227,-213,-324,-257,-243,-136,-127,-118,-119,-95,-276,-265,-408,-344,-365,-342,-522,-508,-1747,-1798,-1719,-1704,-1709,-1731,-5548,-5704,-5602,-5587,-5293,-2743,-1777,-1715,-6079,-6079,-6287,-5114,-29981,-29982,-29985,-29986,-29986,-29987,-29988,-29989,-29989,-29990,-29990,-29991,-29992,-29993,-29995,-29996,-29996,-29995,-29995,-29994]} 1. d4 Nf6 2. c4 d6 3. Nf3 g6 4. Nc3 Bg7 5. e4 O-O 6. Be2 Bg4 7. Be3 Nfd7 8. Qd2 e5 {The main line 8...e5 scores better than 8...c5.} 9. d5 f5 {E91: King's Indian: Classical: 6 Be2, unusual replies including 6...c5 and 6...Bg4.} 10. Bh6 (10. exf5 $14 gxf5 11. Bg5) 10... f4 11. Bxg7 Kxg7 {[#] The position is equal.} 12. O-O-O $146 ({Predecessor:} 12. h3 Bh5 13. O-O-O Nb6 14. g4 fxg3 15. Ng5 Bxe2 16. Ne6+ Kg8 17. Nxd8 Bxd1 18. Ne6 {1-0 (18) Kluger,G-Sapi,L Budapest 1967}) 12... Bxf3 13. Bxf3 Nf6 14. h4 h6 15. Rdg1 Nbd7 16. g3 Kh7 17. Rh3 (17. gxf4 $6 exf4 18. Nb5 (18. Qxf4 Nxd5 {[%mdl 64] Pin} 19. Qg3 Ne5 $15 {[%mdl 64] Double Attack}) 18... Ne5 $14) 17... Qc8 18. gxf4 exf4 19. Ne2 Ne5 20. Bg2 {[#]} (20. Nxf4 $11 Ng8 21. Bg4 Nxg4 22. Ne6 Rxf2 23. Qd4) 20... Nxe4 $1 $19 {[%mdl 512]} 21. Qd4 {[#]} (21. Bxe4 Qxh3) 21... Nxf2 {[%mdl 512]} 22. Rf3 {[#]} (22. Qxf2 $2 Qxh3 $3 {[%mdl 512]} 23. Bxh3 Nd3+ 24. Kd2 Nxf2 $19) 22... Qf5 $2 23. Qxf2 $11 Nd3+ 24. Rxd3 $1 Qxd3 25. Qf3 $2 (25. Rd1 $11 Qxc4+ 26. Kb1) 25... Qxc4+ $17 {[%mdl 64] Double Attack} 26. Nc3 Qd4 27. Re1 (27. Rd1 $17 {keeps fighting.} Qf6 28. h5) 27... Rae8 $19 28. Re6 Rxe6 29. dxe6 {[#]} c6 $1 30. Qe4 (30. h5 $142) 30... Qf6 31. h5 d5 ({Better is} 31... Kg7 $19 32. hxg6 d5) 32. Qb4 $17 ({Not} 32. hxg6+ $2 Kg7) 32... f3 ({Don't play} 32... gxh5 $6 33. Qxb7+ Kh8 34. Qxc6 $11) 33. Qxb7+ Kh8 34. Bh3 {[#] This move loses the game for White.} (34. hxg6 $17 Qg5+ 35. Kd1 Qxg6 36. Bf1) 34... f2 $1 $19 {[%cal Rf2f1]} ({Stronger than} 34... gxh5 35. Qxc6 f2 36. Bf1 $11) 35. Kc2 (35. Bf1 $142 Qxe6 36. hxg6 Qxg6 37. Qxa7) 35... f1=Q 36. Bxf1 Qxf1 37. Qxc6 {[%mdl 4096] Endgame KQR-KQN} (37. e7 $142 Re8 38. Qxc6 Qf5+ 39. Kb3 Rxe7 40. Nxd5) 37... Qf2+ 38. Kb3 (38. Kc1 $142 d4 39. Nd1 Qf4+ 40. Kb1 Qf5+ 41. Kc1) 38... Rb8+ 39. Nb5 Qb6 40. Qxb6 Rxb6 {KR-KN} 41. a4 a6 {[%mdl 64] Pin} 42. e7 Rb8 {[%mdl 64] Pin} 43. e8=Q+ Rxe8 44. Nc7 Rb8+ 45. Ka3 d4 46. Nxa6 Rd8 47. Nc5 d3 {Black mates.} 48. Ne4 d2 49. Nxd2 Rxd2 50. a5 gxh5 {KR-KPP} 51. b4 h4 52. a6 h3 53. b5 h2 54. b6 h1=Q 55. b7 Qa1+ 56. Kb4 Rb2+ {Weighted Error Value: White=0.82/Black=0.16} 0-1

[Event "Charlotte Holiday IM 2020"]
[Site "Charlotte"]
[Date "2020.12.29"]
[Round "6.3"]
[White "Vivekananthan, Anish"]
[Black "Vijay, Keerthi K."]
[Result "0-1"]
[WhiteElo "2305"]
[BlackElo "2242"]
[Annotator "TA"]
[PlyCount "76"]
[EventDate "2020.12.26"]
[EventType "tourn"]
[EventCountry "USA"]
[SourceTitle "playchess.com"]
[Source "ChessBase"]
[SourceQuality "1"]

{[%evp 9,76,14,24,16,18,1,14,2,11,11,7,0,0,-45,-38,-44,-42,-30,-7,-31,-14,-18,-12,-22,-24,-22,-17,-96,-44,-90,-98,-111,-98,-136,-118,-175,-164,-190,-174,-197,-214,-314,-310,-1283,-1262,-1208,-1227,-1203,-981,-1156,-984,-949,-941,-1002,-1007,-971,-969,-1161,-1155,-1141,-1134,-1252,-1247,-1376,-1374,-1362,-1329,-1640,-1613]} 1. e4 e5 2. Nf3 Nc6 3. Bb5 Nge7 4. O-O g6 5. d4 exd4 6. Bxc6 {C60: Ruy Lopez: Unusual Black 3rd moves and 3...g6.} Nxc6 7. Bg5 f6 {[#]} 8. Bf4 $146 {The position is equal.} ({Predecessor:} 8. Bh4 Bg7 9. Nxd4 O-O 10. Nc3 d6 11. f4 g5 12. Bf2 gxf4 13. Nd5 f5 14. Nxf4 {½-½ (26) Meijers,V (2496)-Sundararajan,K (2446) La Fere 2008}) 8... Bc5 9. c3 dxc3 10. Nxc3 d6 11. a3 Be6 12. b4 Bb6 13. Nd5 Ne5 14. Nd4 Bxd4 15. Qxd4 O-O 16. Bd2 c6 17. Ne3 c5 18. Qb2 (18. Qc3 $11) 18... c4 (18... Nd3 $17 19. Qc3 c4) 19. Rad1 Nd3 $36 {[%mdl 2048] Black is in control. Black continues to play with concentration.} 20. Qc3 b5 21. Nc2 d5 22. Nd4 {[#]} (22. exd5 $17 {was called for.} Qxd5 23. Bh6) 22... Qd7 $1 $19 23. Bh6 Rf7 24. exd5 Bxd5 25. Be3 (25. f3 {keeps fighting.}) 25... Re8 26. Nc2 $2 {[#]} (26. Ne2) 26... Bxg2 $1 {[%mdl 512] ( -> ...Bf3). Black is clearly winning.} 27. Kxg2 (27. f3 Bxf3) 27... Qg4+ 28. Kh1 Qf3+ 29. Kg1 Nf4 30. Bxf4 Qxc3 31. Nd4 Qh3 {...Rd7 is the strong threat.} 32. Bg3 Qh5 33. Rc1 Rd7 34. Nc2 Qf3 35. a4 bxa4 {[%cal Bb5a4,Ba4a3,Ba3a2][%mdl 32]} 36. Ne3 a3 37. Nxc4 a2 38. Nd6 Red8 {Weighted Error Value: White=0.63/Black=0.09} 0-1

[Event "Charlotte Holiday IM 2020"]
[Site "Charlotte"]
[Date "2020.12.29"]
[Round "6.4"]
[White "Liang, Jason"]
[Black "Diulger, Alexey"]
[Result "1-0"]
[WhiteElo "2317"]
[BlackElo "2298"]
[Annotator "TA"]
[PlyCount "57"]
[EventDate "2020.12.26"]
[EventType "tourn"]
[EventCountry "USA"]
[SourceTitle "playchess.com"]
[Source "ChessBase"]
[SourceQuality "1"]

{[%evp 9,57,80,85,81,83,56,92,73,116,116,116,118,122,108,112,100,72,81,84,67,115,109,165,159,144,182,178,181,172,101,306,277,270,277,616,608,619,618,618,608,600,583,658,632,1455,1333,2189,1928,2560,2160]} 1. e4 c6 2. d4 g6 3. Nc3 d5 4. Nf3 Nf6 5. e5 Nh5 6. h3 {B15: Caro-Kann: 3 Nc3: 3...g6 and 3...dxe4 4 Nxe4 Nf6 5 Nxf6+ exf6.} Ng7 7. Be2 h5 8. O-O {[#] White is better.} Qb6 $146 ({Predecessor:} 8... Bf5 9. Be3 Nd7 10. a4 a5 11. Re1 Qb6 12. b3 e6 13. Nb1 Be7 14. Nbd2 h4 {½-½ (65) Skripchenko,A (2430)-Rapport,R (2654) Calvi 2013}) 9. Na4 Qc7 10. b3 b5 11. Nc5 e6 12. c4 Bxc5 13. dxc5 bxc4 14. bxc4 Ba6 15. Qa4 Nf5 (15... O-O $16) 16. Rb1 Bxc4 17. Bxc4 dxc4 18. Qxc4 Nd7 19. Rd1 (19. Ng5 $18) 19... Rb8 $2 {[#] Loses the game.} (19... Ne7 $16 {was called for.}) 20. Rxb8+ $18 Qxb8 21. Bg5 Ne7 $2 (21... Qb7 22. Nd2 O-O) 22. Bxe7 {White is clearly winning.} ({Worse is} 22. Qd4 Nd5 $11) 22... Kxe7 23. Qh4+ Ke8 24. Qd4 Qc7 25. Ng5 Nb8 26. Qf4 h4 27. Ne4 Qe7 28. Rb1 Na6 {[#]} 29. Rb7 $1 {[%mdl 512] Weighted Error Value: White=0.08/Black=0.42} 1-0

[Event "Charlotte Holiday IM 2020"]
[Site "Charlotte"]
[Date "2020.12.29"]
[Round "6.5"]
[White "Tsay, Vincent"]
[Black "Li, Eric"]
[Result "1/2-1/2"]
[WhiteElo "2266"]
[BlackElo "2311"]
[Annotator "TA"]
[PlyCount "90"]
[EventDate "2020.12.26"]
[EventType "tourn"]
[EventCountry "USA"]
[SourceTitle "playchess.com"]
[Source "ChessBase"]
[SourceQuality "1"]

{[%evp 14,90,15,11,5,0,0,-22,-15,-12,-12,-13,-10,-16,-15,-31,0,-11,0,-83,0,0,0,-83,-26,-87,-59,-88,-67,-128,-126,-112,-77,-117,-93,-182,-109,-103,-105,-104,-70,-76,-77,-60,-22,-31,-24,-69,-32,-27,-35,-45,0,0,0,0,0,0,17,20,16,20,20,18,39,0,0,0,0,0,0,0,1,0,0,0,0,0,0]} 1. d4 Nf6 2. Nf3 d5 3. c4 e6 4. g3 Bb4+ 5. Nbd2 O-O 6. Bg2 b6 7. O-O Bb7 8. a3 Be7 {E16: Queen's Indian: 4 g3 Bb7 5 Bg2 Bb4+.} 9. Qc2 Nbd7 10. Ne5 c5 11. cxd5 exd5 12. Nxd7 Qxd7 13. dxc5 bxc5 {[#]} 14. Rd1 $146 ({Predecessor:} 14. b3 Rab8 15. Bb2 d4 16. Nf3 Be4 17. Qd1 Qb7 18. b4 cxb4 19. axb4 Qxb4 20. Bxd4 {½-½ (41) Vasiliev,G (2126)-Blohberger,F (2330) Tallinn 2019}) 14... Rfd8 15. Nb3 Rac8 16. Bd2 (16. Bg5 $1 $11) 16... Qa4 (16... Ba6 $17 17. Bg5 Qe6) 17. Rac1 $11 Ba6 18. Bf1 (18. Bh3 $11) 18... h6 ({Black should try} 18... Qg4 $17) 19. Be1 (19. Bh3 $11 {keeps the balance.}) 19... Qd7 20. Bg2 Qe6 21. Ba5 (21. e3 $15) 21... Re8 $17 22. Re1 d4 23. Bf3 Nd7 24. Be4 (24. Nd2 $17 {is a better defense.}) 24... g6 (24... Bg5 $19 25. Bf5 Qd5) 25. Nd2 Bg5 {[#] And now ...Bxd2 would win.} 26. f4 Be7 27. b3 Nf6 {aiming for ...c4.} 28. Bf3 h5 29. Nc4 Ng4 30. Bd2 Bf8 (30... Bf6 {keeps more tension.} 31. h3 Ne3 32. Bxe3 Bxc4 33. Qxc4 Qxe3+ 34. Kh1 h4) 31. e4 dxe3 32. Nxe3 Nxe3 33. Bxe3 Qb6 34. Bf2 Rxe1+ 35. Rxe1 Bb7 36. Bxb7 Qxb7 37. f5 Qc6 38. fxg6 Qxg6 39. Qxg6+ (39. Qc4 {feels hotter.} Rd8 40. Bxc5 Bxc5+ 41. Qxc5 h4 42. Qc3) 39... fxg6 $11 {[%mdl 4096] Endgame KRB-KRB. The position is equal.} 40. Re6 Kf7 41. Ra6 Rc7 42. h4 Be7 43. Kg2 Rb7 44. b4 cxb4 45. axb4 Bxb4 {Weighted Error Value: White=0.20/Black=0.16} 1/2-1/2

[Event "Charlotte Holiday IM 2020"]
[Site "Charlotte"]
[Date "2020.12.30"]
[Round "7.2"]
[White "Diulger, Alexey"]
[Black "Tsay, Vincent"]
[Result "0-1"]
[WhiteElo "2298"]
[BlackElo "2266"]
[Annotator "TA"]
[PlyCount "100"]
[EventDate "2020.12.26"]
[EventType "tourn"]
[EventCountry "USA"]
[SourceTitle "playchess.com"]
[Source "ChessBase"]
[SourceQuality "1"]

{[%evp 11,100,0,0,0,0,-17,-12,0,14,7,1,7,37,36,33,12,12,-17,-16,-18,-17,-31,-30,-39,-37,-45,-40,-34,-23,-35,-15,-30,-16,-24,-15,-12,-10,-37,-15,-18,0,-37,-37,-37,-37,-37,-37,-37,-37,-37,-37,-37,-37,-37,-37,-37,-37,-40,-40,-39,-16,-15,-15,-14,-15,-15,-15,-15,-22,-20,0,0,-13,-14,-14,-14,-17,-14,-17,-23,0,0,0,0,0,-7,-6,-8,-4,-25,-25]} 1. c4 e6 2. Nc3 d5 3. cxd5 exd5 4. d4 c6 5. Bf4 Bd6 6. Bg3 Nf6 7. e3 {D35: Queen's Gambit Declined: Exchange Variation.} Bf5 8. Bd3 Bxd3 9. Qxd3 {The position is equal.} O-O 10. Nge2 Re8 11. O-O {[#]} Nh5 $146 ({Predecessor:} 11... a5 12. a3 Qe7 13. Bxd6 Qxd6 14. Ng3 Nbd7 15. b3 {½-½ (15) Kantsler,B (2475)-Polgar,S (2495) Tel Aviv 1996}) 12. Bxd6 Qxd6 13. Rab1 a5 (13... Nd7 {looks sharper.} 14. f3 Rad8 15. Rbd1 Nb6 16. b3 g6) 14. Ng3 Nxg3 15. hxg3 Nd7 16. Ne2 Nf6 17. Qa3 Qd7 18. f3 h5 19. Rbe1 Qf5 20. Nf4 g6 21. Qd3 Qg5 22. Kf2 Nh7 23. Rh1 Re7 24. a4 Qf6 25. Rh4 Ng5 26. Reh1 Rae8 27. Re1 Ne6 28. Nxe6 $1 Rxe6 29. Re2 Qe7 30. Rh1 Qb4 31. b3 Qa3 32. Qc3 b6 33. Rhe1 Qd6 34. e4 dxe4 35. Rxe4 h4 36. gxh4 Rxe4 37. Rxe4 Rxe4 38. fxe4 $11 {[%mdl 4096] Endgame KQ-KQ} Qf4+ {[%mdl 64] [#] Double Attack} 39. Kg1 Qxe4 40. g3 Kf8 (40... b5 {with more complications.} 41. Kf2 Qd5 42. Ke1 Kg7 43. Kd2 Kh7) 41. Kf2 Qd5 42. g4 Qd6 43. Kg2 $1 Qf6 44. g5 $1 {[%cal Rg5f6]} Qe6 45. Kg3 Ke8 46. Qf3 Qe1+ 47. Kh3 Qe6+ 48. Kg2 Kd7 49. Kf2 Kd6 50. Qg3+ Kd5 {[%mdl 32768] Weighted Error Value: White=0.06/Black=0.05. Sensor Board Error (Ke4/e5)?} 0-1